000 00957nam a2200277 a 4500
001 BRCA_8584
005 20190320210334.0
008 220816c--------fr-#######---#000-0#lat-#
041 _alat
044 _afr
050 4 _aDP1402
_b.H57
_c1629
245 1 0 _aHispania sive de regis hispaniae regnis et opibus commentarius.
260 _aLugdurum bataronum
_bEx officina elzeviriana
_c1629
300 _a520 p.
_c11 cm
500 _aFondo antiguo
500 _aSe encuentra en Caja Fuerte
500 _aP-124
500 _aGrabado en portada
500 _aCon Ex-libris de: Franz Mayer
500 _aIncluye índice de los capítulos e índice alfabético
500 _aNota de encuadernación: pasta española, edición de cantos dorados
506 0 _aFondo reservado: para su consulta es necesario credencial de usuario y carta de motivos
650 1 4 _aEspaña
_eHistoria
_vTrabajos anteriores a 1800
_921487
902 _aLAR
942 _2lcc
_cB
999 _c8247
_d8247